书目信息 |
| 题名: |
艺术学概论
|
|
| 作者: | 彭吉象 著 | |
| 分册: | ||
| 出版信息: | 北京 北京大学出版社 2006 |
|
| 页数: | 399页 | |
| 开本: | 24cm | |
| 丛书名: | 博雅大学堂 | |
| 单 册: | ||
| 中图分类: | J0 | |
| 科图分类: | ||
| 主题词: | 艺术理论--高等学校--教材 , 艺术理论 | |
| 电子资源: | ||
| ISBN: | 978-7-301-10710-2 | |
| 000 | 00952oam2 2200289 450 | |
| 001 | 012007462481 | |
| 005 | 20070614091811.87 | |
| 010 | @a978-7-301-10710-2@dCNY38.00 | |
| 100 | @a20070515d2006 km y0chiy0120 ea | |
| 101 | 0 | @achi |
| 102 | @aCN@b110000 | |
| 105 | @aa z 000yy | |
| 106 | @ar | |
| 200 | 1 | @a艺术学概论@Ayi shu xue gai lun@f彭吉象著@Fpeng ji xiang zhu |
| 205 | @a3版 | |
| 210 | @a北京@c北京大学出版社@d2006 | |
| 215 | @a399页@c图@d24cm | |
| 225 | 2 | @a博雅大学堂 |
| 300 | @a国家级精品课程教材 | |
| 330 | @a由作者主讲的"艺术概论"课程于2004年12月被教育部指定为"国家级精品课程"。本书即为该课程教材。目前全国有多所高等院校使用此教材。本书内容分为三编:上编为艺术总论,系统论述了艺术的本质与特征、艺术的起源等。 | |
| 461 | 0 | @12001 @a博雅大学堂 |
| 606 | 0 | @a艺术理论@x高等学校@j教材 |
| 606 | 0 | @a艺术理论 |
| 690 | @aJ0@v4 | |
| 701 | 0 | @a彭吉象@Apeng ji xiang@4著 |
| 801 | 0 | @aCN@bRULIN@c20070614 |
| 905 | @dJ0@e189=3@s8 | |
| 艺术学概论/彭吉象著.-3版.-北京:北京大学出版社,2006 |
| 399页:图;24cm.-(博雅大学堂) |
| 国家级精品课程教材 |
| ISBN 978-7-301-10710-2:CNY38.00 |
| 由作者主讲的"艺术概论"课程于2004年12月被教育部指定为"国家级精品课程"。本书即为该课程教材。目前全国有多所高等院校使用此教材。本书内容分为三编:上编为艺术总论,系统论述了艺术的本质与特征、艺术的起源等。 |
| ● |
| 相关链接 |
|
|
|
|
正题名:艺术学概论
索取号:J0/189=3
 
预约/预借
| 序号 | 登录号 | 条形码 | 馆藏地/架位号 | 状态 | 备注 |
| 1 | 0576290 | 205762904 | 第一样本阅览室/ [索取号:J0/189=3] | 在馆 | |
| 2 | 0576291 | 205762913 | 第一借阅区/ [索取号:J0/189=3] | 在馆 | |
| 3 | 0576292 | 205762922 | 第一借阅区/ [索取号:J0/189=3] | 在馆 | |
| 4 | 0576293 | 205762931 | 第一借阅区/ [索取号:J0/189=3] | 在馆 | |
| 5 | 0576294 | 205762940 | 第一借阅区/ [索取号:J0/189=3] | 在馆 | |
| 6 | 0576295 | 205762959 | 第一借阅区/ [索取号:J0/189=3] | 在馆 | |
| 7 | 0576296 | 205762968 | 第一借阅区/ [索取号:J0/189=3] | 在馆 | |
| 8 | 1055329 | 210553293 | 第一借阅区/ [索取号:J0/189=3] | 在馆 |